<?xml version="1.0" encoding="UTF-8"?><?xml-stylesheet type="text/xsl" href="static/style.xsl"?><OAI-PMH xmlns="http://www.openarchives.org/OAI/2.0/" xmlns:xsi="http://www.w3.org/2001/XMLSchema-instance" xsi:schemaLocation="http://www.openarchives.org/OAI/2.0/ http://www.openarchives.org/OAI/2.0/OAI-PMH.xsd"><responseDate>2026-04-18T07:35:54Z</responseDate><request verb="GetRecord" identifier="oai:www.recercat.cat:2072/243330" metadataPrefix="marc">https://recercat.cat/oai/request</request><GetRecord><record><header><identifier>oai:recercat.cat:2072/243330</identifier><datestamp>2024-12-12T04:40:03Z</datestamp><setSpec>com_2072_5167</setSpec><setSpec>com_2072_5163</setSpec><setSpec>col_2072_5168</setSpec></header><metadata><record xmlns="http://www.loc.gov/MARC21/slim" xmlns:dcterms="http://purl.org/dc/terms/" xmlns:xsi="http://www.w3.org/2001/XMLSchema-instance" xmlns:doc="http://www.lyncode.com/xoai" xsi:schemaLocation="http://www.loc.gov/MARC21/slim http://www.loc.gov/standards/marcxml/schema/MARC21slim.xsd">
   <leader>00925njm 22002777a 4500</leader>
   <datafield ind2=" " ind1=" " tag="042">
      <subfield code="a">dc</subfield>
   </datafield>
   <datafield ind2=" " ind1=" " tag="720">
      <subfield code="a">Oliva Trastoy, Laura</subfield>
      <subfield code="e">author</subfield>
   </datafield>
   <datafield ind2=" " ind1=" " tag="260">
      <subfield code="c">2014-12-04</subfield>
   </datafield>
   <datafield ind2=" " ind1=" " tag="520">
      <subfield code="a">La personalitat es defineix com un conjunt de trets organitzats de forma jeràrquica, els quals consisteixen en patrons cognitius, afectius y conductuals que distingeixen a una persona d’una altra, y que es formen durant el desenvolupament y des del naixement. El paper del lliure albir en la formació de la personalitat és molt limitat, en la mesura que aquest és una potencialitat de la voluntat que no s'actualitza fins com a mínim l'adolescència, quan aquests patrons ja s'han desenvolupat. A més, un cop desenvolupada la llibertat d’ elecció, el judici deliberatiu que precedeix cada elecció estarà molt sotmès a les disposicions cognitives i afectives formades prèviament a la persona, especialment en el cas de personalitats patològiques. No obstant això, mitjançant el coneixement de si, la deliberació i l'elecció la persona és capaç de modificar les seves tendències adquirides i autodeterminar-se</subfield>
   </datafield>
   <datafield ind1="8" ind2=" " tag="024">
      <subfield code="a">http://hdl.handle.net/2072/243330</subfield>
   </datafield>
   <datafield ind2="0" ind1="0" tag="245">
      <subfield code="a">El papel del libre albedrío en la formación de la personalidad</subfield>
   </datafield>
</record></metadata></record></GetRecord></OAI-PMH>